[Event "Berlin Werner Ott op"]
[Site "Berlin"]
[Date "2014.07.13"]
[Round "9"]
[White "Shapiro, Yosip"]
[Black "Gremm, Albert Juergen"]
[Result "0-1"]
[WhiteElo "2104"]
[BlackElo "1878"]
[PlyCount "132"]
[EventDate "2014.07.05"]
[EventType "swiss"]
[EventRounds "9"]
[EventCountry "GER"]
[SourceTitle "CBM 161 Extra"]
[Source "ChessBase"]
[SourceDate "2014.08.29"]
[SourceVersion "1"]
[SourceVersionDate "2014.08.29"]
[SourceQuality "1"]

1. Nf3 d5 2. c4 d4 3. e3 Nc6 4. exd4 Nxd4 5. Nxd4 Qxd4 6. d3 Nf6 7. Nc3 Bg4 8. Qb3 0-0-0 9. Be3 Qe5 10. h3 Bh5 11. g4 Bg6 12. 0-0-0 e6 13. Bg2 c6 14. Qa4 Bc5 15. d4 Bxd4 16. Rxd4 Rxd4 17. Qxa7 Rxc4 18. Bd2 Rxc3+ 19. Bxc3 Qe2 20. Qa8+ Kc7 21. Ba5+ Kd6 22. Bb4+ c5 23. Bxc5+ Kxc5 24. Qa7+ Kd6 25. Qb6+ Ke7 26. Qc5+ Kd7 27. Rd1+ Ke8 28. Qc8+ Ke7 29. Qxb7+ Nd7 30. Qxd7+ Kf6 31. Qd4+ e5 32. Qd6+ Kg5 33. Qd2+ Qxd2+ 34. Rxd2 Rc8+ 35. Kd1 h5 36. Bf3 hxg4 37. hxg4 Kf4 38. Be2 Rh8 39. Rd7 Rh1+ 40. Kd2 Rh2 41. f3 e4 42. fxe4 Kxe4 43. a4 Ke5 44. a5 Ke6 45. Rd4 Ke5 46. Ra4 Be4 47. Ra3 g6 48. a6 f5 49. a7 f4 50. a8Q Bxa8 51. Rxa8 f3 52. Re8+ Kd4 53. g5 Rg2 54. Re6 Kd5 55. Re3 fxe2 56. Rb3 Ke5 57. Rb5+ Kf4 58. b4 Kf3 59. Re5 Kf4 60. Rxe2 Rxg5 61. Kd3 Rb5 62. Kc4 Rb8 63. b5 g5 64. Kc5 g4 65. b6 Kf3 66. Re7 Rg8 0-1

[Event "Berlin Werner Ott op"]
[Site "Berlin"]
[Date "2012.07.13"]
[Round "7"]
[White "Gremm, Albert Juergen"]
[Black "Sommaro, Katja"]
[Result "0-1"]
[WhiteElo "1916"]
[BlackElo "2120"]
[PlyCount "116"]
[EventDate "2012.07.07"]
[EventType "swiss"]
[EventRounds "9"]
[EventCountry "GER"]
[SourceTitle "CBM 149 Extra"]
[Source "ChessBase"]
[SourceDate "2012.08.24"]
[SourceVersion "1"]
[SourceVersionDate "2012.08.24"]
[SourceQuality "1"]

1. d4 Nf6 2. Nc3 g6 3. e4 d6 4. Nf3 Bg7 5. Bc4 0-0 6. Bb3 Nc6 7. Bg5 Na5 8. Qd2 c6 9. Bh6 b5 10. Bxg7 Kxg7 11. Qe3 Qb6 12. Ne2 c5 13. c3 Nxb3 14. axb3 Bb7 15. Ng3 Rfe8 16. 0-0 a6 17. Rfe1 Rac8 18. Nh4 Qc7 19. Qg5 Ng8 20. f4 cxd4 21. Nhf5+ Kh8 22. Nxd4 e5 23. Nf3 h6 24. Qh4 exf4 25. Qxf4 d5 26. e5 Re7 27. Re2 Rce8 28. Rae1 Bc8 29. Kh1 Be6 30. Nd4 Bc8 31. Nf3 Be6 32. Nf1 Kh7 33. Qh4 Kg7 34. N1d2 Rd7 35. Nd4 Qd8 36. Qg3 Ne7 37. N2f3 Nf5 38. Nxf5+ Bxf5 39. Nd4 Be4 40. b4 Qb6 41. Qe3 Qc7 42. Nf3 Rde7 43. Qf4 Kh7 44. h3 Re6 45. Kg1 f6 46. Nd4 Rb6 47. Nb3 fxe5 48. Qe3 Rf6 49. Nc5 Bf5 50. Ra1 Bc8 51. Qg3 Ref8 52. Qd3 e4 53. Qd4 Rf5 54. Nxa6 Bxa6 55. g4 R5f6 56. Qxd5 Qg3+ 57. Rg2 Qe3+ 58. Kh2 Rf3 0-1

[Event "Berlin Lichtenberger op 10th"]
[Site "Berlin"]
[Date "2011.08.13"]
[Round "1"]
[White "Pueschel, Werner"]
[Black "Gremm, Albert Juergen"]
[Result "1-0"]
[WhiteElo "2163"]
[BlackElo "1906"]
[PlyCount "59"]
[EventDate "2011.08.13"]
[EventType "swiss"]
[EventRounds "9"]
[EventCountry "GER"]
[SourceTitle "CBM 143 Extra"]
[Source "ChessBase"]
[SourceDate "2011.08.29"]
[SourceVersion "1"]
[SourceVersionDate "2011.08.29"]
[SourceQuality "1"]

1. e4 d5 2. exd5 Nf6 3. Bb5+ c6 4. dxc6 bxc6 5. Be2 e5 6. Nc3 Bc5 7. d3 Qb6 8. Na4 Bxf2+ 9. Kf1 Qa6 10. Kxf2 Qxa4 11. Nf3 Ng4+ 12. Kf1 0-0 13. h3 f5 14. hxg4 fxg4 15. Rh4 Qd4 16. Ke1 gxf3 17. Rxd4 fxe2 18. Qxe2 exd4 19. Qe5 Nd7 20. Qxd4 Nf6 21. Bg5 c5 22. Qc4+ Kh8 23. Kd2 Bb7 24. g3 Rad8 25. Re1 Bd5 26. Qxc5 Rc8 27. Qa5 Bf3 28. Bxf6 Rxf6 29. Re7 Bh5 30. Qxh5 1-0

[Event "Berlin qualification op"]
[Site "Berlin"]
[Date "2009.04.18"]
[Round "8"]
[White "Gremm, Albert Juergen"]
[Black "Boettcher, Patrick"]
[Result "0-1"]
[WhiteElo "1961"]
[BlackElo "2165"]
[PlyCount "72"]
[EventDate "2009.04.11"]
[EventType "swiss"]
[EventRounds "9"]
[EventCountry "GER"]
[SourceTitle "EXT 2012"]
[Source "ChessBase"]
[SourceDate "2011.11.24"]
[SourceVersion "1"]
[SourceVersionDate "2011.11.24"]
[SourceQuality "1"]

1. Nc3 c5 2. g3 g6 3. Bg2 Bg7 4. e4 Nc6 5. d3 d6 6. f4 e6 7. Nf3 Nge7 8. 0-0 0-0 9. f5 exf5 10. Bg5 h6 11. Bh4 fxe4 12. Nxe4 f5 13. Nc3 g5 14. Bxg5 hxg5 15. Nxg5 Qe8 16. Nd5 Qg6 17. h4 Bd4+ 18. Kh1 Nxd5 19. Bxd5+ Kg7 20. c3 Rh8 21. cxd4 Qxg5 22. Rf4 Qxg3 23. Qg1 Qxg1+ 24. Rxg1+ Kf6 25. Bxc6 bxc6 26. dxc5 Ke5 27. Rc4 Be6 28. Re1+ Kf6 29. Rf4 dxc5 30. Rc1 Ke5 31. Ra4 Rag8 32. Rxc5+ Bd5+ 33. Kh2 Rg2+ 34. Kh3 Rhg8 35. h5 f4 36. h6 R8g3+ 0-1

[Event "Berlin op 09"]
[Site "Berlin"]
[Date "2006.10.01"]
[Round "2"]
[White "Tchetchelnitski, Boris"]
[Black "Gremm, Albert Juergen"]
[Result "1-0"]
[WhiteElo "2232"]
[BlackElo "1980"]
[PlyCount "59"]
[EventDate "2006.09.30"]
[EventType "swiss"]
[EventRounds "9"]
[EventCountry "GER"]
[SourceTitle "EXT 2007"]
[Source "ChessBase"]
[SourceDate "2006.11.23"]
[SourceVersion "1"]
[SourceVersionDate "2006.11.23"]
[SourceQuality "1"]

1. Nf3 Nc6 2. c4 e5 3. Nc3 Bc5 4. e3 d6 5. Be2 f5 6. d4 Bb4 7. d5 Bxc3+ 8. bxc3 Nce7 9. c5 Nf6 10. cxd6 cxd6 11. c4 b6 12. 0-0 0-0 13. a4 Ng6 14. a5 Ne4 15. Qc2 bxa5 16. Ba3 Nc5 17. Bxc5 dxc5 18. Qc3 f4 19. e4 a4 20. Rxa4 Qd7 21. Ra2 Qg4 22. Nxe5 Qg5 23. Nxg6 Qxg6 24. Bf3 Rf6 25. e5 Rf5 26. e6 Rg5 27. Re1 a5 28. h4 Rf5 29. h5 Qg5 30. d6 1-0

[Event "Berlin op 07"]
[Site "Berlin"]
[Date "2006.07.11"]
[Round "4"]
[White "Kiesekamp, Marcos"]
[Black "Gremm, Albert Juergen"]
[Result "1-0"]
[WhiteElo "2259"]
[BlackElo "1980"]
[PlyCount "61"]
[EventDate "2006.07.08"]
[EventType "swiss"]
[EventRounds "9"]
[EventCountry "GER"]
[SourceTitle "CBM 113 Extra"]
[Source "ChessBase"]
[SourceDate "2006.09.14"]
[SourceVersion "1"]
[SourceVersionDate "2006.09.14"]
[SourceQuality "1"]

1. c4 Nc6 2. Nc3 e5 3. g3 Bc5 4. Bg2 d6 5. e3 Nge7 6. Nge2 Bg4 7. a3 a5 8. Nd5 Nxd5 9. cxd5 Ne7 10. h3 Bd7 11. d4 exd4 12. Nxd4 Bxd4 13. Qxd4 0-0 14. 0-0 Ng6 15. b3 Qc8 16. Bb2 f6 17. Kh2 Ne5 18. a4 Qe8 19. f4 Ng6 20. Rac1 c5 21. dxc6 Bxc6 22. Bxc6 bxc6 23. Ba3 c5 24. Qxd6 Qxe3 25. Qd5+ Kh8 26. Bxc5 Rad8 27. Bxe3 Rxd5 28. Rfd1 Rxd1 29. Rxd1 h5 30. Bb6 h4 31. Rd8 1-0

[Event "Berlin op 10"]
[Site "Berlin"]
[Date "2005.10.20"]
[Round "2"]
[White "Gremm, Albert Juergen"]
[Black "Budt, Matthias"]
[Result "0-1"]
[WhiteElo "1885"]
[BlackElo "2038"]
[PlyCount "62"]
[EventDate "2005.10.13"]
[EventType "swiss"]
[EventRounds "7"]
[EventCountry "GER"]
[SourceTitle "EXT 2007"]
[Source "ChessBase"]
[SourceDate "2006.11.23"]
[SourceVersion "1"]
[SourceVersionDate "2006.11.23"]
[SourceQuality "1"]

1. Nc3 d5 2. e4 c6 3. Nf3 Bg4 4. h3 Bxf3 5. Qxf3 e6 6. exd5 cxd5 7. Be2 Nc6 8. 0-0 Nf6 9. Re1 a6 10. Bd3 Bc5 11. a3 Qd6 12. b4 Ba7 13. Bb2 Nd4 14. Qd1 Bb8 15. g3 h5 16. Re3 h4 17. Ne2 Nxe2+ 18. Qxe2 hxg3 19. Be5 gxf2+ 20. Qxf2 Qe7 21. Bxb8 Rxb8 22. Rae1 Rc8 23. Bf5 Rc6 24. b5 axb5 25. Bd3 Kf8 26. Rb1 Rc5 27. c3 Rh5 28. Bxb5 Ne4 29. Qf4 Qg5+ 30. Qxg5 Rxg5+ 31. Kf1 Nxd2+ 0-1

[Event "Berlin Lichtenrade op 02nd"]
[Site "Berlin"]
[Date "2005.10.04"]
[Round "4"]
[White "Gremm, Albert Juergen"]
[Black "Welz, Peter"]
[Result "0-1"]
[WhiteElo "2000"]
[BlackElo "2156"]
[PlyCount "72"]
[EventDate "2005.10.01"]
[EventType "swiss"]
[EventRounds "9"]
[EventCountry "GER"]
[SourceTitle "CBM 108 Extra"]
[Source "ChessBase"]
[SourceDate "2005.11.04"]
[SourceVersion "1"]
[SourceVersionDate "2005.11.04"]
[SourceQuality "1"]

1. d4 f5 2. h3 d5 3. g4 fxg4 4. hxg4 Bxg4 5. Qd3 Nf6 6. Bg5 Qd7 7. Nf3 Nc6 8. Ne5 Nxe5 9. dxe5 Ne4 10. Bh4 g5 11. Qd4 gxh4 12. e6 Qc6 13. f3 Ng3 14. Rxh4 Nf5 15. Qxh8 Nxh4 16. fxg4 Qxe6 17. Nc3 Nf3+ 18. Kf2 Ne5 19. Bh3 0-0-0 20. Qxh7 Qb6+ 21. Kg3 Qxb2 22. Qf5+ Nd7 23. Rf1 Qxc3+ 24. Kg2 Qe5 25. Qf7 Qxe2+ 26. Rf2 Qe4+ 27. Kg1 e6 28. g5 Bc5 29. Bxe6 Qe1+ 30. Kg2 Qxf2+ 31. Qxf2 Bxf2 32. Kxf2 Rf8+ 33. Kg3 d4 34. Kg4 Kd8 35. g6 Ne5+ 36. Kg5 Nxg6 0-1

[Event "Berlin op 07"]
[Site "Berlin"]
[Date "2005.07.09"]
[Round "8"]
[White "Schulz, Michael2"]
[Black "Gremm, Albert Juergen"]
[Result "1-0"]
[WhiteElo "2136"]
[BlackElo "1863"]
[PlyCount "95"]
[EventDate "2005.07.02"]
[EventType "swiss"]
[EventRounds "9"]
[EventCountry "GER"]
[SourceTitle "EXT 2007"]
[Source "ChessBase"]
[SourceDate "2006.11.23"]
[SourceVersion "1"]
[SourceVersionDate "2006.11.23"]
[SourceQuality "1"]

1. d4 d5 2. Bg5 Nf6 3. Bxf6 exf6 4. e3 Bd6 5. c4 c6 6. cxd5 cxd5 7. Nc3 Nc6 8. Nge2 0-0 9. g3 Re8 10. Bg2 Bf5 11. Nxd5 Be4 12. Bxe4 Rxe4 13. Ndc3 Bb4 14. a3 Bxc3+ 15. Nxc3 Re8 16. 0-0 f5 17. Qf3 Qg5 18. h4 Qg6 19. Rac1 Rad8 20. Nd5 Qd6 21. Rc5 Ne5 22. Qxf5 b6 23. Ne7+ Rxe7 24. Rxe5 Rxe5 25. Qxe5 Qxe5 26. dxe5 Kf8 27. Rc1 Rd7 28. Rc2 Ke7 29. f4 Ke6 30. Kf2 h5 31. Kf3 g6 32. Rc6+ Ke7 33. Ke4 Kf8 34. b4 Ke7 35. a4 Kf8 36. e6 fxe6 37. Rxe6 Rc7 38. Rd6 Kf7 39. a5 Rc4+ 40. Rd4 Rc7 41. axb6 axb6 42. Kd3 Ke6 43. Rc4 Rd7+ 44. Ke4 Rd6 45. b5 Kd7 46. Rd4 Ke6 47. Rxd6+ Kxd6 48. Kd4 1-0

[Event "Berlin op 03"]
[Site "Berlin"]
[Date "2005.03.30"]
[Round "5"]
[White "Gremm, Albert Juergen"]
[Black "Hadj Sassi, Nabil"]
[Result "1-0"]
[WhiteElo "1807"]
[BlackElo "1931"]
[PlyCount "47"]
[EventDate "2005.03.25"]
[EventType "swiss"]
[EventRounds "9"]
[EventCountry "GER"]
[SourceTitle "EXT 2007"]
[Source "ChessBase"]
[SourceDate "2006.11.23"]
[SourceVersion "1"]
[SourceVersionDate "2006.11.23"]
[SourceQuality "1"]

1. Nc3 g6 2. e4 Bg7 3. d4 d6 4. Nf3 Nc6 5. Bb5 a6 6. Bxc6+ bxc6 7. h3 Nf6 8. 0-0 0-0 9. Bg5 Rb8 10. Rb1 h6 11. Bh4 Nd7 12. Qe2 c5 13. Rfd1 cxd4 14. Nxd4 Bb7 15. f4 c5 16. Nf3 Re8 17. Rxd6 Qc7 18. Rdd1 Bxc3 19. bxc3 Nf6 20. Ne5 Nxe4 21. Rd7 Qc8 22. Qc4 e6 23. Rbd1 f6 24. Nxg6 1-0

[Event "Berlin op 04"]
[Site "Berlin"]
[Date "2004.04.12"]
[Round "3"]
[White "Hohn, August"]
[Black "Gremm, Albert Juergen"]
[Result "1-0"]
[WhiteElo "2003"]
[BlackElo "1777"]
[PlyCount "79"]
[EventDate "2004.04.10"]
[EventType "swiss"]
[EventRounds "9"]
[EventCountry "GER"]
[SourceTitle "EXT 2007"]
[Source "ChessBase"]
[SourceDate "2006.11.23"]
[SourceVersion "1"]
[SourceVersionDate "2006.11.23"]
[SourceQuality "1"]

1. c4 Nc6 2. Nc3 e5 3. g3 Bc5 4. Nf3 d6 5. Bg2 f5 6. 0-0 Nf6 7. e3 Bb6 8. d4 Qe7 9. a3 a5 10. Rb1 0-0 11. b4 axb4 12. axb4 f4 13. c5 Ba7 14. exf4 e4 15. Ng5 d5 16. Re1 h6 17. Nf3 Bg4 18. Qb3 Be6 19. Ne5 Nxd4 20. Qd1 Nf3+ 21. Nxf3 exf3 22. Bxf3 Qf7 23. Nb5 c6 24. Qe2 Bf5 25. Nd6 Qd7 26. Ra1 Bh3 27. Bb2 b6 28. Bxf6 bxc5 29. Be7 Rfb8 30. b5 Bb6 31. Rxa8 Rxa8 32. bxc6 Qxc6 33. Qd1 Kh8 34. Bxd5 Qa4 35. Qxa4 Rxa4 36. Nc4 Bc7 37. Bxc5 Ba5 38. Re8+ Kh7 39. Be4+ g6 40. Bd4 1-0

[Event "Berlin SF Neukoelln op 3rd"]
[Site "Berlin"]
[Date "2004.03.12"]
[Round "6"]
[White "Kujawa, Werner"]
[Black "Gremm, Albert Juergen"]
[Result "1-0"]
[WhiteElo "1740"]
[BlackElo "1867"]
[PlyCount "69"]
[EventDate "2004.02.07"]
[EventType "swiss"]
[EventRounds "7"]
[EventCountry "GER"]
[SourceTitle "EXT 2022"]
[Source "ChessBase"]
[SourceDate "2021.10.06"]
[SourceVersion "1"]
[SourceVersionDate "2021.10.06"]
[SourceQuality "1"]

1. e4 Nc6 2. Nf3 Nf6 3. e5 Ng4 4. d4 d6 5. exd6 Qxd6 6. h3 Nf6 7. Nc3 a6 8. a4 Bf5 9. Bd3 Bxd3 10. Qxd3 Rd8 11. Be3 g6 12. 0-0 Bg7 13. Rfe1 0-0 14. Rad1 Rfe8 15. Qd2 e6 16. Bf4 Qe7 17. Bg5 Qf8 18. Qf4 Nd5 19. Nxd5 Rxd5 20. Qxc7 Nxd4 21. Nxd4 Bxd4 22. Bh4 Qh6 23. Bg3 Red8 24. Rd3 R5d7 25. Qc4 Qg5 26. Red1 Rd5 27. Rxd4 b5 28. axb5 axb5 29. Qb4 Rxd4 30. Rxd4 Qc1+ 31. Kh2 Rxd4 32. Qxd4 Qxc2 33. Qd8+ Kg7 34. Be5+ Kh6 35. Qh4# 1-0

[Event "Berlin Kreuzberg op 3th"]
[Site "Berlin"]
[Date "2002.07.08"]
[Round "3"]
[White "Belostozkaja, Julia"]
[Black "Gremm, Albert Juergen"]
[Result "1-0"]
[WhiteElo "2085"]
[BlackElo "1813"]
[PlyCount "57"]
[EventDate "2002.07.06"]
[EventType "swiss"]
[EventRounds "9"]
[EventCountry "GER"]
[SourceTitle "EXT 2022"]
[Source "ChessBase"]
[SourceDate "2021.10.06"]
[SourceVersion "1"]
[SourceVersionDate "2021.10.06"]
[SourceQuality "1"]

1. e4 Nc6 2. d4 d5 3. Nc3 e5 4. Nxd5 exd4 5. Nf3 Be6 6. Nf4 Bb4+ 7. Bd2 Qf6 8. Nxe6 Qxe6 9. Bd3 Bxd2+ 10. Qxd2 Nf6 11. 0-0 0-0-0 12. Rfe1 Rhe8 13. Ng5 Qe7 14. e5 Nd5 15. e6 f5 16. Nf7 g6 17. Nxd8 Qxd8 18. Bb5 Nde7 19. Rad1 a6 20. Bxc6 Nxc6 21. c3 dxc3 22. Qxc3 Qg5 23. Qg7 Kb8 24. Rd7 Ka7 25. e7 f4 26. Qc3 f3 27. Qxf3 Ne5 28. Qd5 Qf5 29. Qc5+ 1-0

[Event "Berlin Eckbauer op 4th"]
[Site "Berlin"]
[Date "2001.10.22"]
[Round "4"]
[White "Radloff, Rainer"]
[Black "Gremm, Albert Juergen"]
[Result "0-1"]
[WhiteElo "1541"]
[BlackElo "1824"]
[PlyCount "42"]
[EventDate "2001.10.??"]
[EventType "swiss"]
[EventRounds "7"]
[EventCountry "GER"]
[SourceTitle "EXT 2005"]
[Source "ChessBase"]
[SourceDate "2004.11.15"]
[SourceVersion "1"]
[SourceVersionDate "2004.11.15"]
[SourceQuality "1"]

1. d4 Nc6 2. c4 e5 3. d5 Nce7 4. Nc3 Ng6 5. Nf3 Bc5 6. a3 a5 7. Qd3 d6 8. Be3 b6 9. Bxc5 bxc5 10. Nb5 f5 11. Qc3 Nf6 12. Nd2 0-0 13. g3 f4 14. Bg2 fxg3 15. hxg3 Ng4 16. f3 Nh6 17. 0-0-0 Nf5 18. Ne4 Nxg3 19. Nxg3 Qg5+ 20. f4 Nxf4 21. Bf1 Nxe2+ 0-1

[Event "Kreuzberg 2000"]
[Site "Berlin"]
[Date "2000.07.25"]
[Round "4"]
[White "Kristovic, Stjepan"]
[Black "Gremm, Albert Juergen"]
[Result "1-0"]
[WhiteElo "2052"]
[BlackElo "1829"]
[PlyCount "75"]
[EventDate "2000.07.??"]
[EventType "swiss"]
[EventRounds "9"]
[EventCountry "GER"]
[SourceTitle "EXT 2001"]
[Source "ChessBase"]
[SourceDate "2000.11.22"]
[SourceVersion "1"]
[SourceVersionDate "2000.11.22"]
[SourceQuality "1"]

1. e4 Nc6 2. d4 e5 3. Nf3 d5 4. Bb5 dxe4 5. Nxe5 Bd7 6. Nxd7 Qxd7 7. c4 Bb4+ 8. Nc3 0-0-0 9. d5 Qd6 10. Qg4+ f5 11. Qxf5+ Kb8 12. Bf4 Nd4 13. Qxe4 Qe7 14. Qxe7 Nxe7 15. Ba4 b5 16. a3 Rhe8 17. Kf1 bxa4 18. axb4 Nc2 19. Rc1 Nxb4 20. Nb5 Rd7 21. Rd1 Kb7 22. Nc3 Ng6 23. Bg3 Rde7 24. Nxa4 Nc2 25. Nc5+ Kc8 26. Ne6 Rf7 27. Kg1 Rd7 28. Nc5 Rde7 29. h4 h5 30. Kh2 Re2 31. Ne6 c6 32. Nxg7 R8e4 33. Nf5 Kd7 34. dxc6+ Ke6 35. Ng7+ Kf7 36. Rd7+ Ne7 37. c5 Nd4 38. c7 1-0